Top 25 Most Points NBA 2023 - Statistics

General Stats
  • This quiz has been taken 50 times
    49 since last reset
  • The average score is 17 of 25
Answer Stats
# Answer PPG % Correct
1 Joel Embiid 33.08
96%
9 LeBron James 28.91
96%
2 Luka Doncic 32.39
96%
7 Stephen Curry 29.43
91%
5 Giannis Antetokounmpo 31.1
89%
25 Nikola Jokic 24.49
89%
8 Kevin Durant 29.06
85%
17 Anthony Davis 25.91
83%
11 Devin Booker 27.75
83%
6 Jayson Tatum 30.07
83%
12 Kyrie Irving 27.05
78%
3 Damian Lillard 32.17
76%
13 Jaylen Brown 26.63
74%
4 Shai Gilgeous-Alexander 31.4
74%
10 Donovan Mitchell 28.26
65%
20 De'Aaron Fox 25.01
61%
23 Anthony Edwards 24.63
59%
15 Ja Morant 26.16
52%
14 Trae Young 26.22
52%
24 DeMar DeRozan 24.54
48%
19 Julius Randle 25.14
46%
21 Zach LaVine 24.84
41%
16 Zion Williamson 26
41%
22 Brandon Ingram 24.71
37%
18 Lauri Markkanen 25.62
33%
No matching quizzes found
Score Distribution
Percent of People with Each Score
Percentile by Number Answered
Your Score History
You have not taken this quiz since the last reset